Sladké recepty Němců z Jizerských hor = Süße Rezepte der Deutschen aus dem Isergebirge /

Hlavní autor: Laurin, Petra, 1962-
Další autoři: Meissnitzer, Nadia
Jazyk: Němčina
Čeština
Vydáno: V Rýnovicích : Dům česko-německého porozumění, 2021
Vydání: Vydání první
Témata:
Fyzický popis: 143 stran : ilustrace (převážně barevné), portréty, faksimile ; 20 cm
Language note: Souběžný německý text
Knihy
Uloženo v:
LEADER 02383nam a2200613 i 4500
001 nkc20213307419
003 CZ PrNK
005 20210531075020.0
007 ta
008 210211s2021 xr ach e f 000 0 cze
015 |a cnb003307419 
020 |a 978-80-908039-1-6  |q (vázáno) 
035 |a (OCoLC)1257529964 
040 |a ABA001  |b cze  |e rda 
041 1 |a cze  |a ger  |h cze 
043 |a e-xr---  |b e-xr-cc  |a e-pl---  |2 czenas 
072 7 |a 641  |x Kuchařství. Potraviny. Vařená jídla  |2 Konspekt  |9 19 
080 |a 641.56(=112.2)  |2 MRF 
080 |a 641.56(=1:437.3)  |2 MRF 
080 |a 641.56-027.541  |2 MRF 
080 |a 641.85  |2 MRF 
080 |a (437.31-17)  |2 MRF 
080 |a (083.12)  |2 MRF 
100 1 |a Laurin, Petra,  |d 1962-  |7 jo2016904797  |4 aut 
245 1 0 |a Sladké recepty Němců z Jizerských hor =  |b Süße Rezepte der Deutschen aus dem Isergebirge /  |c Petra Laurin ; překlady Naďa Meißnitzer 
246 3 1 |a Süße Rezepte der Deutschen aus dem Isergebirge 
250 |a Vydání první 
264 1 |a V Rýnovicích :  |b Dům česko-německého porozumění,  |c 2021 
300 |a 143 stran :  |b ilustrace (převážně barevné), portréty, faksimile ;  |c 20 cm 
336 |a text  |b txt  |2 rdacontent 
336 |a statický obraz  |b sti  |2 rdacontent 
337 |a bez média  |b n  |2 rdamedia 
338 |a svazek  |b nc  |2 rdacarrier 
500 |a V tiráži místo vydání správně: Jablonec nad Nisou - Rýnovice 
504 |a Obsahuje bibliografii 
546 |a Souběžný německý text 
650 0 7 |a německá jídla  |7 ph123487  |2 czenas 
650 0 7 |a sudetská jídla  |7 ph214603  |2 czenas 
650 0 7 |a regionální jídla  |7 ph933251  |z Česko  |2 czenas 
650 0 7 |a sladká jídla  |7 ph116172  |z Česko  |2 czenas 
650 0 9 |a German cookery  |2 eczenas 
650 0 9 |a Sudetenland cookery  |2 eczenas 
650 0 9 |a regional meals  |z Czechia  |2 eczenas 
650 0 9 |a sweet dishes  |z Czechia  |2 eczenas 
651 7 |a Jizerské hory (Česko a Polsko)  |7 ge134250  |2 czenas 
651 9 |a Jizerské hory Mountains (Czechia and Poland)  |2 eczenas 
655 7 |a kuchařské recepty  |7 fd132687  |2 czenas 
655 9 |a cookbooks  |2 eczenas 
700 1 |a Meissnitzer, Nadia  |7 mzk20201062831  |4 trl 
910 2 |a BOA001  |b 1-1463.850 
990 |a BK 
995 |a 01 
991 |b 202105  |c NOV 
996 6 |b 2610862315  |c 1-1463.850  |l MZK  |r Sklad / do 1 hodiny  |n 0  |p p.v.  |w 001848549  |u 000010  |a 1  |e BOA001  |j MZK50  |s P